[Event "Titled Tue 17th Jun Late"]
[Site "chess.com INT"]
[Date "2025.06.17"]
[Round "6"]
[White "Swara Lakshmi S Nair"]
[Black "Kodihalli, Kaustubh"]
[Result "1-0"]
[WhiteTitle "WCM"]
[WhiteElo "2187"]
[BlackElo "2038"]
[WhiteFideId "25629239"]
[BlackFideId "30956455"]
[EventDate "2025.06.17"]

1. e4 c5 2. Nf3 d6 3. d4 cxd4 4. Nxd4 Nf6 5. Nc3 a6 6. h3 e5 7. Nf3 Nc6 8. g4
Be7 9. Be3 Be6 10. g5 Nd7 11. Nd5 O-O 12. Qd2 Nc5 13. Nc3 b5 14. a3 Rc8 15. h4
Na5 16. h5 Nc4 17. Bxc4 bxc4 18. g6 fxg6 19. Ng5 Bxg5 20. Bxg5 Qd7 21. hxg6 h6
22. O-O-O Rc6 23. Bxh6 gxh6 24. Rxh6 Rf4 25. Rdh1 Qg7 26. Nd5 Nxe4 27. Qd1 Nxf2
28. Rh8+ Qxh8 29. Rxh8+ Kxh8 30. Qh5+ Kg7 31. Qh7+ Kf8 32. g7+ Ke8 33. g8=Q+
Bxg8 34. Qxg8+ Kd7 35. Nxf4 exf4 36. Qf7+ Kc8 37. Qxf4 Nh1 38. Qg4+ Kc7 39. Qg7+
Kb6 40. Qg1+ Kb7 41. Qxh1 Kc7 42. Kd2 Rc5 43. Kc3 Kb6 44. Qd1 Kc7 45. Qd4 a5 46.
Qxc5+ dxc5 47. Kxc4 Kc6 48. a4 Kd6 49. Kb5 Kd5 50. Kxa5 Kc6 51. c4 1-0

[Event "Titled Tue 17th Jun Late"]
[Site "chess.com INT"]
[Date "2025.06.17"]
[Round "6"]
[White "Einarsson, Halldor Gretar"]
[Black "Tang, Austin"]
[Result "0-1"]
[WhiteTitle "FM"]
[WhiteElo "2177"]
[BlackElo "1979"]
[WhiteFideId "2300150"]
[BlackFideId "30964580"]
[EventDate "2025.06.17"]

1. d4 Nf6 2. c4 g6 3. f3 d5 4. cxd5 Nxd5 5. e4 Nb6 6. Nc3 Bg7 7. Be3 O-O 8. Qd2
e5 9. d5 c6 10. h4 cxd5 11. exd5 N8d7 12. h5 Nf6 13. hxg6 fxg6 14. O-O-O Bd7 15.
g4 Rc8 16. Bh6 Bxh6 17. Qxh6 Rf7 18. Kb1 Rxc3 19. bxc3 Nfxd5 20. Qd2 Na4 21. Ne2
Be6 22. c4 Ndc3+ 23. Nxc3 Nxc3+ 24. Kc2 Rd7 25. Bd3 Na4 26. Qb4 Nb6 27. Rhe1 Rd4
28. Re4 Rxe4 29. Bxe4 Qc7 30. c5 Nc4 31. Kb1 b6 32. c6 a5 33. Qb5 Na3+ 0-1

[Event "Titled Tue 17th Jun Late"]
[Site "chess.com INT"]
[Date "2025.06.17"]
[Round "6"]
[White "Da Matta, Eduardo Cesar"]
[Black "Fomevor, Cephas Clinton"]
[Result "0-1"]
[BlackTitle "CM"]
[WhiteElo "2047"]
[BlackElo "1883"]
[WhiteFideId "2193108"]
[BlackFideId "12601330"]
[EventDate "2025.06.17"]

1. d4 d5 2. c4 c6 3. cxd5 cxd5 4. Nc3 Nf6 5. Nf3 Nc6 6. e3 a6 7. Ne5 Bf5 8. a3
e6 9. g4 Bg6 10. h4 h6 11. Nxg6 fxg6 12. Bd3 Bd6 13. Bxg6+ Ke7 14. Qf3 Kd7 15.
Bd2 b5 16. O-O Rf8 17. Qg2 Rc8 18. Rac1 Na5 19. f3 Nb3 20. Rc2 Nxd2 21. Qxd2 Qe7
22. e4 dxe4 23. fxe4 Nxg4 24. Rxf8 Rxf8 25. e5 Bb8 26. Ne4 Qxh4 27. Qc3 Rd8 28.
Qc6+ Ke7 29. Qb7+ Rd7 30. Qxb8 Qh3 0-1

[Event "Titled Tue 17th Jun Late"]
[Site "chess.com INT"]
[Date "2025.06.17"]
[Round "6"]
[White "Hansen, Eric"]
[Black "Xiong, Jeffery"]
[Result "0-1"]
[WhiteTitle "GM"]
[BlackTitle "GM"]
[WhiteElo "2609"]
[BlackElo "2639"]
[WhiteFideId "2606771"]
[BlackFideId "2047640"]
[EventDate "2025.06.17"]

1. e4 e5 2. Nf3 Nf6 3. Nxe5 d6 4. Nf3 Nxe4 5. Nc3 Nxc3 6. dxc3 Be7 7. Be3 O-O 8.
Bd3 Nd7 9. O-O c6 10. Re1 Bf6 11. Bf4 d5 12. Bd6 Re8 13. Qd2 Nf8 14. Rxe8 Qxe8
15. Re1 Be6 16. Nd4 Qd7 17. Bf4 Bxd4 18. cxd4 Bf5 19. Bf1 Re8 20. Rxe8 Qxe8 21.
f3 Ng6 22. Bg3 h5 23. Bf2 Qd8 24. b3 Qd6 25. c4 Qa3 26. Qg5 Be6 27. Qd2 h4 28.
g4 hxg3 29. hxg3 dxc4 30. bxc4 Qxf3 31. Bg2 Qg4 32. d5 Bd7 33. Qd4 Qe2 34. Be4
c5 35. Qe3 Qxc4 36. Bxg6 fxg6 37. Qxc5 Qxa2 38. Qd6 Qb1+ 39. Kh2 Qf5 40. Bd4 Kh7
41. Be5 Qf2+ 42. Kh1 Bh3 0-1

[Event "Titled Tue 17th Jun Late"]
[Site "chess.com INT"]
[Date "2025.06.17"]
[Round "6"]
[White "Mayaud, Raphael"]
[Black "Romany, Joy"]
[Result "1-0"]
[WhiteTitle "CM"]
[BlackTitle "WIM"]
[WhiteElo "2126"]
[BlackElo "1960"]
[WhiteFideId "627151"]
[BlackFideId "10656820"]
[EventDate "2025.06.17"]

1. d4 Nf6 2. Bg5 Ne4 3. Bf4 d5 4. e3 g6 5. Bd3 Bg7 6. Bxe4 dxe4 7. Nc3 f5 8. Qe2
O-O 9. Qc4+ e6 10. Qxc7 Qxc7 11. Bxc7 Na6 12. Be5 Bxe5 13. dxe5 Rd8 14. f4 Nb4
15. Rc1 b6 16. Nge2 Ba6 17. a3 Nd5 18. Nxd5 Rxd5 19. Nd4 Kf7 20. Kd2 g5 21. g3
Rc8 22. b3 h5 23. c4 Rdc5 24. a4 Bb7 25. Nb5 Ke7 26. Ke2 Rd8 27. Rhd1 Rxd1 28.
Rxd1 gxf4 29. gxf4 a6 30. Nd4 Bc8 31. Rg1 Kf7 32. Rg5 Bd7 33. Rxh5 b5 34. Rh7+
Ke8 35. axb5 axb5 36. Kd2 bxc4 37. bxc4 Rxc4 38. h4 Ra4 39. h5 Ra2+ 40. Kc3 Rh2
41. h6 Rh3 42. Kd2 Rh2+ 43. Ke1 Ba4 44. Nxe6 Rh1+ 45. Kd2 Rd1+ 46. Kc3 Rd3+ 47.
Kb4 Bb3 48. Nd4 Bg8 49. Ra7 Rxe3 50. h7 Bxh7 51. Rxh7 Rd3 52. Nxf5 e3 53. Rh1 e2
54. Re1 Rf3 55. Kc5 Rxf4 56. Nd4 Re4 57. Kd5 Re3 58. Rxe2 Rxe2 59. Nxe2 1-0

[Event "Titled Tue 17th Jun Late"]
[Site "chess.com INT"]
[Date "2025.06.17"]
[Round "6"]
[White "Kislinsky, Alexey"]
[Black "Tang, Andrew"]
[Result "1-0"]
[WhiteTitle "GM"]
[BlackTitle "GM"]
[WhiteElo "2341"]
[BlackElo "2529"]
[WhiteFideId "14108801"]
[BlackFideId "2059630"]
[EventDate "2025.06.17"]

1. d4 d5 2. c4 e6 3. Nf3 Nf6 4. e3 b6 5. Nbd2 Bb7 6. Bd3 Nbd7 7. O-O Ne4 8. Qe2
Bd6 9. b3 O-O 10. Bb2 f5 11. cxd5 exd5 12. Ne5 Qe7 13. f4 c5 14. Rac1 Ndf6 15.
Ndf3 Rac8 16. Rc2 Rc7 17. Rfc1 Rfc8 18. h3 Qe6 19. Kh2 h6 20. a4 Kh7 21. g4 fxg4
22. hxg4 Nxg4+ 23. Nxg4 Qxg4 24. Rg1 Bxf4+ 25. exf4 Qxf4+ 26. Kh1 c4 27. bxc4
dxc4 28. Bxc4 Ng5 29. d5 Nxf3 30. Bd3+ Kg8 31. Qe6+ Kf8 32. Bxg7+ Rxg7 33. Rxc8+
Bxc8 34. Qxc8+ Ke7 35. Rxg7+ Kf6 36. Qf8+ Ke5 37. Re7+ Kd4 38. Qxf4+ 1-0

[Event "Titled Tue 17th Jun Late"]
[Site "chess.com INT"]
[Date "2025.06.17"]
[Round "6"]
[White "Shukhman, Anna"]
[Black "Amirkul, Alimzhan"]
[Result "1-0"]
[WhiteTitle "WGM"]
[BlackTitle "FM"]
[WhiteElo "2413"]
[BlackElo "2357"]
[WhiteFideId "54180058"]
[BlackFideId "13718428"]
[EventDate "2025.06.17"]

1. e4 c5 2. Nf3 Nc6 3. Nc3 e5 4. Bc4 d6 5. d3 Be7 6. Nd2 Nf6 7. Nf1 Bg4 8. Qd2
Be6 9. Ne3 O-O 10. O-O a6 11. a4 Nb4 12. Ncd5 Nbxd5 13. exd5 Bd7 14. a5 Nh5 15.
c3 Bf6 16. Qd1 g6 17. Ng4 Bg7 18. Ne3 f5 19. f3 f4 20. Ng4 Nf6 21. Nxf6+ Qxf6
22. Qb3 Rab8 23. Bd2 g5 24. Rae1 h5 25. Qb6 g4 26. Qc7 Bf5 27. fxg4 hxg4 28. d4
cxd4 29. cxd4 Rfc8 30. dxe5 dxe5 31. d6+ Kh8 32. Qf7 Qxd6 33. Qxf5 Rxc4 34. Bc3
g3 35. Bxe5 gxh2+ 36. Kh1 Bxe5 37. Rxe5 Qh6 38. Re6 Qg7 39. Qh5+ 1-0

[Event "Titled Tue 17th Jun Late"]
[Site "chess.com INT"]
[Date "2025.06.17"]
[Round "6"]
[White "Ozen, Batuhan"]
[Black "Mesquita, Eduardo Barbosa"]
[Result "0-1"]
[WhiteTitle "CM"]
[WhiteElo "2128"]
[BlackElo "2014"]
[WhiteFideId "6345123"]
[BlackFideId "22757163"]
[EventDate "2025.06.17"]

1. e4 c5 2. b3 Nc6 3. Bb2 Nf6 4. Nc3 d6 5. f4 g6 6. Nf3 Bg7 7. Nd5 O-O 8. Bxf6
exf6 9. Nc3 f5 10. exf5 Bxf5 11. Be2 d5 12. O-O d4 13. Na4 d3 14. Bxd3 Bxd3 15.
cxd3 Qxd3 16. Rc1 b6 17. Re1 Nb4 18. Nc3 Rae8 19. Rxe8 Rxe8 20. Qf1 Qd6 21. Re1
Rxe1 22. Qxe1 Qxf4 23. Qe8+ Bf8 24. Ne4 Nd5 25. Ne5 Kg7 26. Ng3 h5 27. Ne2 Qf6
28. Nc6 Bd6 29. Qe4 Qa1+ 30. Kf2 Nf6 31. Qc2 Ng4+ 32. Kf3 Nxh2+ 33. Kf2 Ng4+ 34.
Kf3 Qf1+ 35. Ke4 Qxe2+ 36. Kd5 Qe6# 0-1

[Event "Titled Tue 17th Jun Late"]
[Site "chess.com INT"]
[Date "2025.06.17"]
[Round "6"]
[White "Brancaleoni, Maurizio"]
[Black "Ambartsumova, Karina"]
[Result "0-1"]
[WhiteTitle "FM"]
[BlackTitle "IM"]
[WhiteElo "2185"]
[BlackElo "2403"]
[WhiteFideId "803022"]
[BlackFideId "4166299"]
[EventDate "2025.06.17"]

1. Nf3 Nf6 2. c4 e6 3. b3 g6 4. Bb2 Bg7 5. g3 b6 6. Bg2 Bb7 7. O-O O-O 8. Nc3 c5
9. d4 cxd4 10. Qxd4 Nc6 11. Qf4 d5 12. Rfd1 Nh5 13. Qd2 d4 14. Nb5 e5 15. Ba3
Re8 16. Nd6 e4 17. Nxb7 Qd7 18. Ng5 Qxb7 19. Nxe4 Qd7 20. Rac1 Nf6 21. Nd6 Re6
22. Bh3 Rd8 23. c5 h5 24. Bxe6 fxe6 25. cxb6 axb6 26. Nc4 b5 27. Nb6 Qb7 28. Bc5
Ne4 29. Qc2 Nc3 30. Rd2 Kh7 31. a3 e5 32. a4 b4 33. Nc4 Qf7 34. Nd6 Qe6 35. Ne4
Bh6 36. e3 Qf5 37. Nxc3 bxc3 38. Qxf5 gxf5 39. Rdd1 Kg6 40. Ra1 d3 0-1

[Event "Titled Tue 17th Jun Late"]
[Site "chess.com INT"]
[Date "2025.06.17"]
[Round "6"]
[White "Wu, William"]
[Black "Guerrero Cataldo, Juan Andres"]
[Result "1-0"]
[BlackTitle "CM"]
[WhiteElo "1998"]
[BlackElo "2082"]
[WhiteFideId "39940411"]
[BlackFideId "3421260"]
[EventDate "2025.06.17"]

1. e4 c6 2. Nc3 d5 3. Nf3 dxe4 4. Nxe4 Nd7 5. Bc4 e6 6. d4 Ndf6 7. Ng3 Bd6 8.
O-O h5 9. Bg5 Qc7 10. Qd2 b6 11. Rfe1 Ne7 12. Rad1 Bb7 13. Ne5 Ned5 14. Bb3 h4
15. Nf1 O-O-O 16. a3 c5 17. c4 cxd4 18. cxd5 Bxe5 19. Rc1 Kb8 20. Rxc7 Bxc7 21.
dxe6 fxe6 22. Rxe6 Ne4 23. Rxe4 Bxe4 24. Bf4 Bc6 25. Bxc7+ Kxc7 26. Qf4+ Kb7 27.
h3 d3 28. Nd2 Rd7 29. Bc4 Re8 30. Qxh4 g5 31. Qg3 Re2 32. Nf1 Rxb2 33. Bxd3 b5
34. Bf5 Re7 35. Qxg5 Rbe2 36. Bd3 Re1 37. Bxb5 Bxb5 38. Qxb5+ Kc7 39. Qc5+ Kb7
40. Kh2 R1e2 41. Qb5+ Kc7 42. Ne3 Rd2 43. Nd5+ Rxd5 44. Qxd5 1-0

[Event "Titled Tue 17th Jun Late"]
[Site "chess.com INT"]
[Date "2025.06.17"]
[Round "6"]
[White "Jasinski, Alexander"]
[Black "Shapiro, Daniel"]
[Result "1-0"]
[BlackTitle "FM"]
[WhiteElo "1989"]
[BlackElo "2284"]
[WhiteFideId "55627994"]
[BlackFideId "2001780"]
[EventDate "2025.06.17"]

1. e4 c5 2. Nf3 Nc6 3. Bb5 Nf6 4. Bxc6 dxc6 5. d3 g6 6. h3 Bg7 7. O-O O-O 8. Nc3
Ne8 9. Be3 b6 10. Nh2 e5 11. f4 exf4 12. Bxf4 Nc7 13. Ng4 h5 14. Bxc7 Qxc7 15.
Nf6+ Kh8 16. Qf3 Qe5 17. Rf2 Bxf6 18. Qxf6+ Qxf6 19. Rxf6 Be6 20. Raf1 Kg7 21.
b3 Rfd8 22. Ne2 Rac8 23. R6f2 Rc7 24. Nf4 Bc8 25. Kh2 Re7 26. g3 b5 27. Ra1 c4
28. bxc4 bxc4 29. Rb1 cxd3 30. cxd3 Ba6 31. Rb3 Bb5 32. Rc3 a5 33. h4 a4 34. Rf3
Rd4 35. Nh3 Rb4 36. Rf2 Rd7 37. Nf4 Rbd4 38. Rf3 Rb4 39. Rf2 Rbd4 40. Kg2 Rb4
41. Kf3 Rbd4 42. Ke3 R4d6 43. Rd2 Rf6 44. d4 Rfd6 45. Rc5 Rd8 46. Nh3 R6d7 47.
Ng1 1-0

[Event "Titled Tue 17th Jun Late"]
[Site "chess.com INT"]
[Date "2025.06.17"]
[Round "6"]
[White "Marchesich, Giovanni"]
[Black "Willim, Michael"]
[Result "1-0"]
[WhiteTitle "CM"]
[BlackTitle "CM"]
[WhiteElo "2189"]
[BlackElo "2024"]
[WhiteFideId "2824790"]
[BlackFideId "4632435"]
[EventDate "2025.06.17"]

1. d4 d5 2. Nc3 Nf6 3. Bf4 e6 4. a3 Be7 5. e3 O-O 6. g4 c5 7. g5 Ne4 8. h4 Qa5
9. Ne2 cxd4 10. exd4 Nc6 11. Bg2 f6 12. b4 Qb6 13. Nxe4 dxe4 14. Bxe4 e5 15. Be3
exd4 16. Nxd4 Nxd4 17. Qxd4 Qxd4 18. Bxd4 fxg5 19. hxg5 Bxg5 20. Bxh7+ Kf7 21.
Be4 Re8 22. f3 Bf5 23. O-O Bh3 24. Rfe1 Rad8 25. Rad1 Bh4 26. Re2 b6 27. c3 Be6
28. Rg2 Bf6 29. Bg6+ Kf8 30. Bxe8 Kxe8 31. Re1 Kf7 32. Bxf6 gxf6 33. Rge2 Bc4
34. Re7+ Kg6 35. Rxa7 Kf5 36. Rc7 b5 37. Re4 Rd3 38. Rc5+ Kg6 39. Rf4 Rxc3 40.
Rc6 Rxa3 41. Rcxf6+ Kg7 42. Rb6 Rb3 43. Rd4 Rxb4 44. Rd7+ Bf7 45. Kf2 Rf4 46.
Kg3 Rf5 47. Kg4 Rf6 48. Rxb5 Kg6 49. Rg5+ Kh7 50. f4 Kh6 51. Rd2 Be6+ 52. Kg3
Rg6 53. Rxg6+ Kxg6 54. Ra2 Kf5 55. Ra5+ Kf6 56. Kf3 Bf5 57. Ke3 Ke6 58. Kd4 1-0

[Event "Titled Tue 17th Jun Late"]
[Site "chess.com INT"]
[Date "2025.06.17"]
[Round "6"]
[White "Sobek, Jaroslav"]
[Black "Mai, Alexander Oliver"]
[Result "1/2-1/2"]
[WhiteTitle "FM"]
[BlackTitle "CM"]
[WhiteElo "2195"]
[BlackElo "2171"]
[WhiteFideId "301388"]
[BlackFideId "2313391"]
[EventDate "2025.06.17"]

1. d4 Nf6 2. c4 e6 3. Bf4 c5 4. d5 exd5 5. cxd5 d6 6. Nc3 a6 7. a4 g6 8. e3 Bg7
9. h3 O-O 10. Nf3 Re8 11. Be2 Ne4 12. Nxe4 Rxe4 13. Qc2 Rb4 14. Rb1 Bf5 15. Bd3
Bxd3 16. Qxd3 Rxb2 17. Rxb2 Bxb2 18. O-O Bg7 19. Rb1 b5 20. axb5 axb5 21. Rxb5
Na6 22. Rb1 Nb4 23. Qb3 Ra6 24. Nd2 Qa8 25. Ne4 Ra5 26. Nxd6 Ra3 27. Qc4 Rc3 28.
Qb5 h6 29. Qd7 Qf8 30. Ne4 Rd3 31. Bd6 Qa8 32. Bxc5 Rxd5 33. Qa7 Qxa7 34. Bxa7
f5 35. Rxb4 fxe4 36. Rxe4 Be5 37. f4 Bf6 38. Bd4 Bd8 39. Kf2 Kf7 40. Kf3 h5 41.
g4 h4 42. g5 Ra5 43. Kg4 Ra2 44. Kxh4 Rg2 45. Re5 Be7 46. Rb5 Ke6 47. Re5+ Kf7
48. Rb5 Ke6 49. Rb6+ Kf5 50. Rb5+ Ke6 1/2-1/2

[Event "Titled Tue 17th Jun Late"]
[Site "chess.com INT"]
[Date "2025.06.17"]
[Round "6"]
[White "Rogov, Matfey"]
[Black "Bacrot, Etienne"]
[Result "0-1"]
[WhiteTitle "FM"]
[BlackTitle "GM"]
[WhiteElo "2348"]
[BlackElo "2633"]
[WhiteFideId "44191308"]
[BlackFideId "605506"]
[EventDate "2025.06.17"]

1. e4 c5 2. a3 g6 3. Nc3 Bg7 4. Bc4 e6 5. d3 Ne7 6. Ba2 d5 7. h4 h5 8. Nh3 Nbc6
9. Bg5 f6 10. Bd2 d4 11. Ne2 e5 12. f4 Bh6 13. fxe5 Bxd2+ 14. Qxd2 Nxe5 15. Nhf4
Qb6 16. O-O-O Bg4 17. Rhf1 O-O-O 18. Kb1 Kb8 19. Rde1 Rd6 20. Nc1 Qb5 21. Nd5
Nxd5 22. Bxd5 Rb6 23. c4 dxc3 24. Qxc3 Re8 25. Ka2 a6 26. Nb3 Qxd3 27. Qxc5 Nd7
28. Qa5 Rb5 29. Qa4 Nb6 30. Qd4 Rxb3 31. Qxf6 Nxd5 32. exd5 Rxe1 33. Rxe1 Qxd5
34. Re8+ Ka7 35. Ka1 Rb6 36. Qc3 Be6 0-1

[Event "Titled Tue 17th Jun Late"]
[Site "chess.com INT"]
[Date "2025.06.17"]
[Round "6"]
[White "Chocenka, Dmitrijus"]
[Black "Rozman, Levy"]
[Result "0-1"]
[WhiteTitle "FM"]
[BlackTitle "IM"]
[WhiteElo "2314"]
[BlackElo "2324"]
[WhiteFideId "12802336"]
[BlackFideId "2039877"]
[EventDate "2025.06.17"]

1. e4 c6 2. d4 Na6 3. c3 Nc7 4. Nf3 d5 5. Nbd2 dxe4 6. Nxe4 Nf6 7. Nxf6+ gxf6 8.
g3 Bf5 9. Bg2 Qd7 10. Bf4 Nd5 11. Qd2 Nxf4 12. Qxf4 h5 13. Nh4 Be6 14. O-O Bh6
15. Qf3 Bg5 16. Qe4 Bd5 17. Qf5 e6 18. Qd3 Bxh4 19. Bxd5 Qxd5 20. c4 Qg5 21. Kh1
O-O-O 22. f4 Qg4 23. gxh4 Rhg8 24. Rf2 Qxh4 25. Raf1 Rg4 26. b4 Rdg8 27. Qf3 Rg3
28. Qe2 Qh3 29. b5 Re3 30. Qc2 Rc3 31. Qe2 cxb5 32. cxb5 Kb8 33. Rf3 Qg4 34. Qf2
Rxf3 35. Qxf3 Qf5 36. a4 Rd8 37. Rd1 h4 38. h3 Rg8 39. Rg1 Rxg1+ 40. Kxg1 Qb1+
41. Qf1 Qxf1+ 42. Kxf1 f5 43. Kf2 Kc7 44. Ke2 Kb6 45. Kd3 Ka5 46. Kc4 Kxa4 47.
d5 exd5+ 48. Kd4 Kxb5 49. Kxd5 a5 50. Ke5 a4 51. Kxf5 a3 0-1

[Event "Titled Tue 17th Jun Late"]
[Site "chess.com INT"]
[Date "2025.06.17"]
[Round "6"]
[White "Carroll, Thomas"]
[Black "Rasch, Holger"]
[Result "0-1"]
[BlackTitle "FM"]
[WhiteElo "2131"]
[BlackElo "2246"]
[WhiteFideId "450111"]
[BlackFideId "4615670"]
[EventDate "2025.06.17"]

1. Nf3 c5 2. g3 e6 3. Bg2 b6 4. O-O Bb7 5. c4 Nc6 6. Nc3 Be7 7. d4 cxd4 8. Nxd4
a6 9. Nxc6 Bxc6 10. Bxc6 dxc6 11. Qxd8+ Rxd8 12. Be3 b5 13. cxb5 cxb5 14. Rfd1
Nf6 15. Bb6 Rb8 16. Bc7 Rc8 17. Bd6 Bxd6 18. Rxd6 Ke7 19. Rad1 Rhd8 20. Rxd8
Rxd8 21. Rxd8 Kxd8 22. e4 b4 23. Ne2 Nxe4 24. f3 Nd2 25. Kf2 Kd7 26. b3 Kd6 27.
Ke3 Nb1 28. Kd3 Kc5 29. g4 a5 30. Nf4 Nc3 31. Nh5 g6 32. Nf6 h6 33. Ng8 h5 34.
gxh5 gxh5 35. Nf6 h4 36. Ng4 Nxa2 37. Ne5 a4 38. bxa4 b3 39. Nxf7 Kb4 40. Ng5
Nc1+ 41. Kd2 b2 42. Kc2 Ka3 43. Kb1 Nb3 44. Ne4 e5 45. h3 Kxa4 46. Kxb2 Kb4 47.
Kc2 Kc4 48. Ng5 Nd4+ 49. Kd2 Nf5 50. Ke2 Kd4 51. Ne4 Ne7 52. Kf2 Nd5 53. Ng5 Nf4
54. Nf7 Nxh3+ 55. Kg2 Nf4+ 56. Kf2 h3 57. Ng5 h2 0-1

[Event "Titled Tue 17th Jun Late"]
[Site "chess.com INT"]
[Date "2025.06.17"]
[Round "6"]
[White "Rasulov, Vugar"]
[Black "Nihal, Sarin"]
[Result "1-0"]
[WhiteTitle "GM"]
[BlackTitle "GM"]
[WhiteElo "2483"]
[BlackElo "2696"]
[WhiteFideId "13402390"]
[BlackFideId "25092340"]
[EventDate "2025.06.17"]

1. d4 h6 2. c4 c6 3. e4 d6 4. Nc3 e5 5. f4 exd4 6. Qxd4 Nf6 7. Nf3 Nbd7 8. Be3
Be7 9. O-O-O O-O 10. h3 Qa5 11. g4 Nc5 12. Rg1 Nfd7 13. Qd2 Bf6 14. Bd4 Re8 15.
Kb1 Bxd4 16. Nxd4 Nb6 17. g5 h5 18. g6 f6 19. Nb3 Nxb3 20. axb3 Qc5 21. Be2 a5
22. Qxd6 Qe3 23. c5 Nd7 24. Bc4+ Kh8 25. Bf7 Rf8 26. e5 fxe5 27. Rg5 Qf3 28. Qd3
Qxd3+ 29. Rxd3 Nf6 30. fxe5 Ng8 31. Rxh5+ Nh6 32. e6 Bxe6 33. Bxe6 Rae8 34. Bc4
Rf5 35. Rxf5 Nxf5 36. Rd7 Ne3 37. Bf7 Ra8 38. Rxb7 a4 39. bxa4 Rd8 40. Re7 Nd1
41. Re8+ Rxe8 42. Bxe8 Ne3 43. Bxc6 Kg8 44. a5 1-0

[Event "Titled Tue 17th Jun Late"]
[Site "chess.com INT"]
[Date "2025.06.17"]
[Round "6"]
[White "Wanyama, Harold"]
[Black "Hindermann, Felix"]
[Result "1-0"]
[WhiteTitle "FM"]
[BlackTitle "FM"]
[WhiteElo "2143"]
[BlackElo "2289"]
[WhiteFideId "10000380"]
[BlackFideId "1305212"]
[EventDate "2025.06.17"]

1. d4 e6 2. c4 b6 3. Nc3 Bb4 4. Qc2 Bb7 5. a3 Bxc3+ 6. Qxc3 f5 7. b3 Nf6 8. f3
O-O 9. Bb2 d6 10. O-O-O Nbd7 11. e3 a5 12. Ne2 a4 13. b4 Qe7 14. h4 c5 15. dxc5
bxc5 16. b5 d5 17. Nf4 d4 18. exd4 cxd4 19. Qb4 Qxb4 20. axb4 e5 21. Ne6 a3 22.
Ba1 Rfc8 23. Kb1 a2+ 24. Kb2 Kf7 25. Ng5+ Ke8 26. f4 Ng4 27. fxe5 Nf2 28. Bd3
Nxe5 29. Be2 d3 30. c5 dxe2 31. Rde1 Ned3+ 32. Kc3 Ra3+ 33. Kc4 Ne5+ 34. Bxe5
Nxh1 35. Rxh1 h5 36. Re1 Be4 37. Nxe4 fxe4 38. Ba1 Rd8 39. Rxe2 Rd1 40. Bxg7 Kf7
41. Bh8 e3 42. b6 Rd2 43. Re1 e2 44. b7 Rc2+ 45. Kb5 Rb3 46. b8=Q Rxb4+ 47. Kxb4
Rb2+ 48. Bxb2 1-0

[Event "Titled Tue 17th Jun Late"]
[Site "chess.com INT"]
[Date "2025.06.17"]
[Round "6"]
[White "Lazavik, Denis"]
[Black "Deng, Henry"]
[Result "1-0"]
[WhiteTitle "GM"]
[BlackTitle "FM"]
[WhiteElo "2580"]
[BlackElo "2327"]
[WhiteFideId "13515110"]
[BlackFideId "30965454"]
[EventDate "2025.06.17"]

1. e4 c5 2. Nf3 e6 3. b3 a6 4. Bb2 Nc6 5. c4 Qc7 6. g3 Nf6 7. e5 Ng4 8. Bg2 b5
9. h3 Nh6 10. Na3 Qb6 11. O-O Nf5 12. g4 Nfd4 13. Nxd4 cxd4 14. d3 Bb7 15. Qe2
Bc5 16. Nc2 b4 17. f4 O-O 18. Ne1 d6 19. Nf3 dxe5 20. fxe5 a5 21. Bc1 a4 22. Bf4
axb3 23. axb3 Ra3 24. Rab1 Na5 25. Nd2 Bxg2 26. Qxg2 Qc6 27. Qe2 Be7 28. Rb2 Nb7
29. Ne4 Nc5 30. Nxc5 Bxc5 31. Qf2 Qb7 32. Bc1 Rfa8 33. Kh2 Ra1 34. Bf4 Rxf1 35.
Qxf1 Ra3 36. Kg3 Qa8 37. Qf3 Qa6 38. Rb1 Ra2 39. h4 Rc2 40. h5 h6 41. g5 hxg5
42. Bxg5 Qa2 43. Rf1 Qa7 44. h6 Qc7 45. Bf4 Bf8 46. hxg7 Bxg7 47. Qa8+ Bf8 48.
Ra1 Rc3 49. Ra7 Rxd3+ 50. Kf2 Qc5 51. Qb7 Rh3 52. Qxf7+ Kh8 53. Kg2 Qc6+ 54.
Kxh3 Qf3+ 55. Bg3 Qh1+ 56. Bh2 1-0

[Event "Titled Tue 17th Jun Late"]
[Site "chess.com INT"]
[Date "2025.06.17"]
[Round "6"]
[White "Abdou Ahmed Alem"]
[Black "Ameir, Moheb"]
[Result "0-1"]
[WhiteTitle "CM"]
[BlackTitle "IM"]
[WhiteElo "2002"]
[BlackElo "2364"]
[WhiteFideId "19603720"]
[BlackFideId "10600620"]
[EventDate "2025.06.17"]

1. d4 Nf6 2. Bf4 e6 3. e3 d5 4. Bd3 c5 5. c3 Bd6 6. Bxd6 Qxd6 7. f4 b6 8. Nf3
O-O 9. Ne5 Ba6 10. Bc2 Ne4 11. Nd2 f6 12. Nxe4 dxe4 13. Bxe4 cxd4 14. exd4 fxe5
15. fxe5 Qe7 16. Bxa8 Qh4+ 17. g3 Qh3 18. Qd2 Qg4 19. Bg2 Qf5 20. O-O-O Nd7 21.
Bf1 Bb7 22. Bd3 Qh3 23. Rhf1 Rc8 24. Qf4 Rf8 25. Qh4 Qxh4 26. gxh4 Rd8 27. Rf4
g6 28. Rdf1 Bg2 29. R1f2 Bh3 30. h5 Nxe5 31. dxe5 Rxd3 32. hxg6 hxg6 33. Rf8+
Kg7 34. R2f3 Rd7 35. R8f6 Bf5 36. Re3 Rd8 37. b3 Rh8 38. Re2 Rh3 39. Kb2 Bd3 40.
Rc2 Bxc2 41. Kxc2 Rxh2+ 42. Kd3 Rxa2 43. Rxe6 g5 44. Rf6 g4 45. Rf4 Rg2 46. Ke4
Rg1 47. Kf5 g3 48. Rg4+ Kf7 49. e6+ Ke7 50. Rg7+ Kf8 51. Rf7+ Ke8 52. Rg7 g2 53.
Rg8+ Ke7 54. Rg7+ Kd6 0-1

[Event "Titled Tue 17th Jun Late"]
[Site "chess.com INT"]
[Date "2025.06.17"]
[Round "6"]
[White "Noroozi, Omid"]
[Black "Rajaram, Rohan"]
[Result "0-1"]
[WhiteTitle "IM"]
[BlackTitle "CM"]
[WhiteElo "2266"]
[BlackElo "2164"]
[WhiteFideId "12501190"]
[BlackFideId "30940729"]
[EventDate "2025.06.17"]

1. c4 Nf6 2. Nc3 e5 3. Nf3 Nc6 4. e3 d5 5. cxd5 Nxd5 6. Bb5 Nxc3 7. bxc3 Bd6 8.
d4 exd4 9. cxd4 O-O 10. O-O a6 11. Bd3 Bg4 12. h3 Bh5 13. Rb1 Rb8 14. a3 Qe7 15.
Bb2 Bxa3 16. d5 Bxb2 17. dxc6 bxc6 18. Qc2 Bf6 19. Nd4 Bxd4 20. exd4 Bg6 21.
Bxg6 hxg6 22. Qxc6 Qd6 23. Qc4 Rb6 24. Rfc1 Rfb8 25. Ra1 Kh7 26. Qxc7 Qxd4 27.
Rd1 Qf6 28. Rac1 Re8 29. Rd7 Rf8 30. Rcd1 Rb2 31. Qg3 Re8 32. R1d3 Re1+ 33. Kh2
Rbb1 34. Qd6 Rh1+ 35. Kg3 Qg5+ 36. Kf3 Qh5+ 37. Kg3 Rb5 38. Qf4 Rg5+ 39. Qxg5
Qxg5+ 40. Kf3 Qf5+ 41. Kg3 Re1 42. R7d4 Re4 43. Rd5 Re5 44. R5d4 g5 45. Rf3 Qe6
46. Rg4 Re4 47. Rxg5 Qd6+ 48. Rf4 Qxf4# 0-1